Movies Quiz

Random Movies or Star Wars Quiz

The Force Awakens Characters (Star Wars) Quiz Stats

 Plays Quiz not verified by Sporcle

Score 0/49 Timer 05:00
0 Plays Today
Portrayer Character % Correct
Harrison FordHan Solo
99.1%
Carrie FisherLeia
97.3%
Mark HamillLuke Skywalker
97.2%
Daisy RidleyRey
95.4%
Adam DriverKylo Ren
94.9%
John BoyegaFinn
94.7%
Oscar IsaacPoe Dameron
89.3%
Anthony DanielsC-3PO
86.8%
Peter MayhewChewbacca
84.4%
Gwendoline ChristieCaptain Phasma
78.5%
Kenny BakerR2-D2 Consultant
78%
Lupita Nyong'o Maz Kanata
76.5%
Andy SerkisSupreme Leader Snoke
75.6%
Domhnall GleesonGeneral Hux
71.4%
Brian HerringBB-8
54.4%
Max von SydowLor San Tekka
33.3%
Tim RoseAdmiral Ackbar
33.2%
Simon PeggUnkar Plutt
30.5%
Mike QuinnNien Nunb
22.6%
Kiran ShahTeedo
18.8%
Greg GrunbergSnap Wexley
18.7%
Yayan RuhianTasu Leech
14.1%
Jessica HenwickJess Testor
12%
Brian VernelBala-Tik
11.4%
Warwick DavisWollivan
11.3%
Portrayer Character % Correct
Ken LeungAdmiral Statura
10.6%
Maisie Richardson-SellersKorr Sella
9.6%
Andrew JackMajor Ematt
9.3%
Billie LourdLieutenant Connix
8.6%
Anna BrewsterBazine Netal
7.8%
Emun ElliottBrance
7.7%
Rocky MarshallColonel Datoo
7.2%
Iko UwaisRazoo Quin-Fee
6.6%
Michael GiacchinoFN-3181
6.3%
Sebastian ArmestoLieutenant Mitaka
6%
Harriet WalterDr. Kalonia
6%
Gerald W. AbramsCaptain Cypress
5.9%
Pip AndersenColonel Kaplan
5.5%
Nigel GodrichFN-9330
5.3%
Jim McGrathVice Admiral Resdox
4.4%
Morgan DameronCommodore Meta
3.9%
Claudia SermbezisLema Eelyak
3.8%
Stefan GrubeYolo Ziff
3.5%
James McArdleNiv Lek
3.5%
Crystal ClarkeEnsign Goode
3.3%
Philicia SaundersTabala Zo
2.9%
Tosin ColeLieutenant Bastian
2.9%
Leanne BestMin Sakul
2.7%
Jeffery KissoonRear Admiral Guich
2.6%

You're not logged in!

Compare scores with friends on all Sporcle quizzes.
OR
Log In

Show Comments

Extras

Top Quizzes Today


Score Distribution

Your Account Isn't Verified!

In order to create a playlist on Sporcle, you need to verify the email address you used during registration. Go to your Sporcle Settings to finish the process.

Report this User

Report this user for behavior that violates our Community Guidelines.

Details: